| 000 | 00717nam a2200169 i 4500 | ||
|---|---|---|---|
| 001 | 182265 | ||
| 003 | ES-MaACL | ||
| 005 | 20230906221553.0 | ||
| 008 | 130729s1988 sp |||| | spa d | ||
| 100 | 0 |
_aMuñoz Ruano, Juan. _984493 |
|
| 245 | 1 | 0 |
_aCastillos en la vida de Alfonso VI / _cJuan Muñoz Ruano. |
| 260 |
_aToledo : _bInstituto de Estudios Visigóticos-Mozárabes, _c1988. |
||
| 300 |
_aP. [305]-319 ; _c21 cm. |
||
| 595 | _aSeparata de: Estudios sobre Alfonso VI y la reconquista de Toledo, Actas del II Congreso Internacional de Estudios Mozárabes (Toledo, 20-26 mayo 1985) | ||
| 600 | 1 | 4 |
_aAlfonso _bVI, _cRey de Castilla. _9153108 |
| 852 |
_aES-MaACL _j2316-F-13 _z.- Dedicatoria manuscrita del autor |
||
| 999 |
_c182265 _d182265 |
||